| 000 | 00494nam a2200157 a 4500 | ||
|---|---|---|---|
| 001 | 000040874 | ||
| 005 | 20201002034437.0 | ||
| 008 | 130910s1993 cl 000 0 spa d | ||
| 020 | _a9561311623 | ||
| 040 |
_aDO-SdBNP _bspa _cBNPHU |
||
| 082 |
_axxxx _bxxxx |
||
| 100 | 1 |
_aPatterson, Orlando _967301 |
|
| 245 | 1 | 3 |
_aLa libertad : _bla libertad en la construcción de la cultura occidental / _cOrlando Patterson. |
| 260 |
_aSantiago de Chile, : _bAndres Bello, _c1993. |
||
| 300 |
_a633 p. ; _c23 cm. |
||
| 999 |
_c40364 _d40364 |
||